Kế toán quản trị
Zapisane w:
| 1. autor: | |
|---|---|
| Format: | Książka |
| Język: | Undetermined |
| Wydane: |
Thành phố Hồ Chí Minh
Đại học Quốc gia
2003
|
| Hasła przedmiotowe: | |
| Etykiety: |
Dodaj etykietę
Nie ma etykietki, Dołącz pierwszą etykiete!
|
| Thư viện lưu trữ: | Trung tâm Học liệu Trường Đại học Cần Thơ |
|---|
| LEADER | 00552nam a2200193Ia 4500 | ||
|---|---|---|---|
| 001 | CTU_60758 | ||
| 008 | 210402s9999 xx 000 0 und d | ||
| 020 | |b 95000 | ||
| 082 | |a 658.1511 | ||
| 082 | |b B312 | ||
| 100 | |a Nguyễn, Tấn Bình | ||
| 245 | 0 | |a Kế toán quản trị | |
| 245 | 0 | |c Nguyễn Tấn Bình | |
| 260 | |a Thành phố Hồ Chí Minh | ||
| 260 | |b Đại học Quốc gia | ||
| 260 | |c 2003 | ||
| 650 | |a Managerial accounting | ||
| 904 | |i Minh | ||
| 980 | |a Trung tâm Học liệu Trường Đại học Cần Thơ | ||